<?xml version="1.0" encoding="UTF-8"?>
<record
    xmlns:xsi="http://www.w3.org/2001/XMLSchema-instance"
    xsi:schemaLocation="http://www.loc.gov/MARC21/slim http://www.loc.gov/standards/marcxml/schema/MARC21slim.xsd"
    xmlns="http://www.loc.gov/MARC21/slim">

  <leader>02112nam a22003017a 4500</leader>
  <datafield tag="999" ind1=" " ind2=" ">
    <subfield code="c">22043</subfield>
    <subfield code="d">22043</subfield>
  </datafield>
  <controlfield tag="003">AR-CdUCM</controlfield>
  <controlfield tag="008">190515b           ||||| |||| 00| 0 spa d</controlfield>
  <datafield tag="040" ind1=" " ind2=" ">
    <subfield code="a">MUNICIPALIDAD PROVINCIAL DEL CUSCO</subfield>
    <subfield code="c">BIBLIOTECA MUNICIPAL DEL CUSCO</subfield>
  </datafield>
  <datafield tag="082" ind1=" " ind2=" ">
    <subfield code="a">CroniUrbana/N&#xB0;12/2007</subfield>
  </datafield>
  <datafield tag="110" ind1=" " ind2=" ">
    <subfield code="a">Centro de Educaci&#xF3;n y Comunicaci&#xF3;n Guam&#xE1;n Poma de Ayala</subfield>
    <subfield code="9">47233</subfield>
  </datafield>
  <datafield tag="245" ind1=" " ind2=" ">
    <subfield code="a">Cr&#xF3;nicas Urbanas :</subfield>
    <subfield code="b">an&#xE1;lisis y perspectivas urbano regionales /</subfield>
  </datafield>
  <datafield tag="260" ind1=" " ind2=" ">
    <subfield code="a">Cusco :</subfield>
    <subfield code="b">Centro Guam&#xE1;n Poma de Ayala,</subfield>
    <subfield code="c">2007.</subfield>
  </datafield>
  <datafield tag="300" ind1=" " ind2=" ">
    <subfield code="a">131 p&#xE1;ginas. :</subfield>
    <subfield code="b">ilustraciones ;</subfield>
    <subfield code="c">30 cm.</subfield>
  </datafield>
  <datafield tag="440" ind1=" " ind2=" ">
    <subfield code="a">Revista Cr&#xF3;nicas Urbanas.</subfield>
    <subfield code="n">A&#xF1;&#xF1;o XI, N&#xB0;12, 2007</subfield>
    <subfield code="9">47248</subfield>
  </datafield>
  <datafield tag="505" ind1=" " ind2=" ">
    <subfield code="a">Contenido: Significar desde la periferia experiencias y pr&#xE1;cticas de identidad entre migrantes apurime&#xF1;os en Lima. Silvia Rodr&#xED;guez Maeso. -- Nuevas tendencias de participaci&#xF3;n y movilizaci&#xF3;n pol&#xED;tica ind&#xED;gena en el Per&#xFA;. Ram&#xF3;n Pajuelo Teves. -- Geopo&#xE9;tica de identidad y lo cholo en el Per&#xFA; migraci&#xF3;n geogr&#xE1;fica y mestiza. Gisela C&#xE1;nepa. -- La heroicidad en la memoria e identidad nacional. Santiago Alfaro. -- Entre el fuego y la calandria visi&#xF3;n del Per&#xFA; desde la narrativa andina. Luis Nieto Degregori. -- Luis Valllejos, Luis Dalle y la iglesia surandina su recuerdo nos da vida. Luis Jes&#xFA;s L&#xF3;pez Ribera. -- La educaci&#xF3;n como herramienta de inclusi&#xF3;n. -- Narrativa de modernidad e ideolog&#xED;a de diferenciaci&#xF3;n social, algunos discursos y practicas alrededor de la peregrinaci&#xF3;n de Quyllurit&#xB4;i. Guillermo Salas Carre&#xF1;o. -- Warma Khuyay. Jos&#xE9; Mar&#xED;a Arguedas. -- Rese&#xF1;a amanecer en el bajo Huatanay del diagn&#xF3;stico de recursos naturales del Valle de Cusco. Ra&#xFA;l Parra Maza. </subfield>
  </datafield>
  <datafield tag="650" ind1=" " ind2=" ">
    <subfield code="a">Pol&#xED;tica</subfield>
    <subfield code="9">291</subfield>
  </datafield>
  <datafield tag="650" ind1=" " ind2=" ">
    <subfield code="a">Desarrollo econ&#xF3;mico</subfield>
    <subfield code="9">1696</subfield>
  </datafield>
  <datafield tag="650" ind1=" " ind2=" ">
    <subfield code="a">Identidad nacional</subfield>
    <subfield code="9">3845</subfield>
  </datafield>
  <datafield tag="650" ind1=" " ind2=" ">
    <subfield code="a">Pol&#xED;tica ind&#xED;gena</subfield>
    <subfield code="9">47238</subfield>
  </datafield>
  <datafield tag="700" ind1=" " ind2=" ">
    <subfield code="a">Nieto Degregori, Luis</subfield>
    <subfield code="9">6534</subfield>
  </datafield>
  <datafield tag="700" ind1=" " ind2=" ">
    <subfield code="a">Rodr&#xED;guez Maeso, Silvia</subfield>
    <subfield code="9">47249</subfield>
  </datafield>
  <datafield tag="700" ind1=" " ind2=" ">
    <subfield code="a">Pajuelo Teves, Ram&#xF3;n</subfield>
    <subfield code="9">12309</subfield>
  </datafield>
  <datafield tag="700" ind1=" " ind2=" ">
    <subfield code="a">Alfaro, Santiago</subfield>
    <subfield code="9">47250</subfield>
  </datafield>
  <datafield tag="700" ind1=" " ind2=" ">
    <subfield code="a">L&#xF3;pez Ribera, Luis Jes&#xFA;s</subfield>
    <subfield code="9">47251</subfield>
  </datafield>
  <datafield tag="710" ind1=" " ind2=" ">
    <subfield code="a">Centro Guam&#xE1;n Poma de Ayala</subfield>
    <subfield code="9">20511</subfield>
  </datafield>
  <datafield tag="942" ind1=" " ind2=" ">
    <subfield code="2">ddc</subfield>
    <subfield code="c">PP</subfield>
  </datafield>
  <datafield tag="945" ind1=" " ind2=" ">
    <subfield code="a">vhl</subfield>
  </datafield>
  <datafield tag="952" ind1=" " ind2=" ">
    <subfield code="0">0</subfield>
    <subfield code="2">ddc</subfield>
    <subfield code="4">0</subfield>
    <subfield code="7">0</subfield>
    <subfield code="a">HEM</subfield>
    <subfield code="b">HEM</subfield>
    <subfield code="c">CART</subfield>
    <subfield code="d">2022-02-21</subfield>
    <subfield code="g">10.00</subfield>
    <subfield code="o">CroniUrbana/N&#xB0;12/2007</subfield>
    <subfield code="p">REVC000607</subfield>
    <subfield code="r">2022-02-21</subfield>
    <subfield code="y">PP</subfield>
  </datafield>
</record>
